[Event "SUI-chT"]
[Site "Switzerland"]
[Date "2010.11.07"]
[Round "9.5"]
[White "Kelecevic, Nedeljko"]
[Black "Kasiorkiewicz, Lukas"]
[Result "1-0"]
[WhiteElo "2288"]
[BlackElo "2194"]
[PlyCount "149"]
[EventDate "2010.02.14"]
[EventType "team-tourn"]
[EventRounds "9"]
[EventCountry "SUI"]
[SourceTitle "EXT 2011"]
[Source "ChessBase"]
[SourceDate "2010.11.26"]
[SourceVersion "1"]
[SourceVersionDate "2010.11.26"]
[SourceQuality "1"]
[WhiteTeam "Winterthur"]
[BlackTeam "Bern"]
[WhiteTeamCountry "SUI"]
[BlackTeamCountry "SUI"]

1. d4 Nf6 2. c4 e6 3. Nc3 d5 4. Nf3 c6 5. Bg5 Nbd7 6. cxd5 exd5 7. e3 Be7 8. Qc2 Nf8 9. Bd3 Ne6 10. h3 Nxg5 11. Nxg5 h6 12. Nf3 Be6 13. Rb1 0-0 14. b4 a6 15. 0-0 Qc8 16. Ne5 Nd7 17. Nxd7 Bxd7 18. Na4 Qc7 19. Bh7+ Kh8 20. Bf5 Bxf5 21. Qxf5 Bd6 22. Rfc1 Rae8 23. Nc5 Bxc5 24. Rxc5 Qd6 25. a4 Re6 26. b5 axb5 27. axb5 Rf6 28. Qc2 g5 29. bxc6 bxc6 30. Rc1 Rc8 31. Qe2 Qd7 32. Qg4 Re6 33. e4 Rd8 34. e5 Qe8 35. f4 gxf4 36. Qxf4 Kg7 37. R5c3 Rg6 38. Rg3 Qe6 39. Rcc3 Rg8 40. Rxg6+ fxg6 41. Qc1 Rc8 42. Kh1 Rc7 43. Qc2 Qf7 44. Rf3 Qe8 45. Rf6 h5 46. Qc5 Kh6 47. Qd6 Ra7 48. Kh2 Rb7 49. Qc5 Rc7 50. h4 Kg7 51. Qd6 Ra7 52. Kg3 Kh6 53. Rf8 Qe7 54. Qxe7 Rxe7 55. Rc8 Ra7 56. Kf4 Ra4 57. e6 Rxd4+ 58. Ke5 Re4+ 59. Kf6 Rf4+ 60. Ke5 Re4+ 61. Kf6 Rf4+ 62. Ke7 d4 63. Rxc6 Kg7 64. Rc7 Rxh4 65. Kd8+ Kf6 66. e7 Re4 67. e8Q Rxe8+ 68. Kxe8 g5 69. Rd7 Ke5 70. Kf7 h4 71. Kg6 g4 72. Kg5 h3 73. gxh3 gxh3 74. Re7+ Kd5 75. Kf4 1-0